Quizzes
Events
Quiz Creation
Community
Videos
Private Events
Remove Ads
Sign In
Join for FREE
Feedback
Dark Mode
Quiz Categories
Sports
Geography
Music
Movies
Television
Just For Fun
Miscellaneous
History
Literature
Language
Science
Gaming
Entertainment
Religion
Holiday
For Kids
Quiz Lab
Recent
Popular Today
Quiz Kudos Today
Editor Picks
Curator Picks
Quizzes by...
Day
Popularity
Type
Ratings
Length
Year
Community
Subscriptions
Recent Discussions
Orange Saloon
Badges
Playlists
Quests
Create
Leaderboards
Showdown
Live 5
Trivia Bingo
Activity
Puzzle Library
Sporcle Events
Private Events
Virtual Trivia
Globe League
Become a Host
Pub Owners
SporcleCon
Opinionation
Our Games
Videos
Blog
Mobile Apps
Partnerships
Remove Ads and Go Orange
Feedback
Music
Pop Music
The Beatles
Song
Album
Lyrics
Bands
Singers
Artist
Clip
Rock
Rap
Classical
Billboard
Country Music
Kpop
Taylor Swift
Music
Pop Music
The Beatles
Song
Album
Lyrics
Bands
Singers
Artist
Clip
Rock
Rap
Classical
Billboard
Country Music
Kpop
Taylor Swift
Random Quiz
Search Sporcle
×
Quiz Lab
Quiz Lab
Music
Numbers
Type in answers that appear in a list
Type in answers that appear in a list
Classic
Best Score? Go Orange.
Most Listened Bands in February 2010 Stats
Can you name the Top Played Bands in February 2010?
By
REM80s
10m
30 Questions
244 Plays
244 Plays
244 Plays
Comments
Comments
Give Quiz Kudos
Give Quiz Kudos
-
- Ratings
hide this ad
More Info
Replay
Link that replays current quiz
Next Quiz
Link to next quiz in quiz playlist
You Got
0%
They Got
Avg Score
21%
Avg Friend Score
Upgrade to see
Score Distribution
Jump to the score distribution portion of the page
Score
0/30
Timer
10:00
0
Plays Today
Number
Band Name
% Correct
1
The Beatles
58.2%
5
Coldplay
36.1%
10
Kings of Leon
35.7%
4
Lady GaGa
34.4%
26
U2
32.8%
12
Green Day
32.4%
14
Black Eyed Peas
32%
9
Nirvana
31.1%
22
Led Zeppelin
29.5%
3
Muse
27%
6
Red Hot Chili Peppers
26.2%
7
Metallica
25.8%
2
Radiohead
25.4%
8
The Killers
23.4%
20
Queen
23.4%
Number
Band Name
% Correct
13
Pink Floyd
22.1%
18
Foo Fighters
21.7%
30
Oasis
21.3%
11
Linkin Park
17.2%
29
Jay-z
17.2%
16
Michael Jackson
13.9%
25
Paramore
13.9%
17
Arctic Monkeys
13.5%
21
System of a Down
9.4%
24
Vampire Weekend
9%
27
MGMT
7.8%
23
Death Cab for Cutie
7%
19
Placebo
4.1%
28
David Bowie
3.3%
15
Massive Attack
2.9%
Quiz Playlist
Details
Report
Send in Message
Add To Playlist
More Info:
Answers are from February 20th 2010 from Last.fm
Classic:
Type in answers that appear in a list
Quiz Source
Last Updated: Feb 16, 2017
Quiz Scoreboard
CHALLENGE
Sign Up to Join the Scoreboard
Show All
Scores
Hide
Comments
May contain spoilers
Recently Published
Pick 6: Fruits
by JohnFran
Miscellaneous
15s
Click the 1999 NBA Draft
by nibperrychub
Sports
2m
Alphabetical 'K' Countries by Flag Minefield
by ylime102
Geography
3m
More to Explore
Quiz From the Vault
Featured Blog Post
15 Basketball Trivia Facts You Can Be March Mad About
hide this ad
You Might Also Like...
Tags
Bands Quiz
Numbers Quiz
2010
February
Listened
Today's Top Quizzes in Music
Browse Music
hide this ad
Today's Top Quizzes in Numbers
Browse Numbers
Top Contributed Quizzes in Music
1
Taylor Swift All Songs (2024)
2
KPOP LOGIC QUIZ
3
A Taylor Swift Logic Puzzle
4
Guess the Taylor Swift song (Mystery Song)
5
K-Pop Murder Mystery Logic Quiz
6
Taylor Swift Logic Puzzle
7
Guess The Taylor Swift Lyrics Song #1
8
kpop group name match up
9
NCT 2020 Logic Puzzle
10
K-Pop : 100 Debut Songs (Part 1 of 3)
Explore More
Trending Topics
Kpop
Crossword
NBA
Anime
Disney
Harry Potter
Marvel
WWE
Song
NFL
Soccer
Puzzle
The Office
Country
Pokémon
hide this ad
More By:
REM80s
Quiz
Plays
Rating
Category
Featured
Created
Inspirational Movie Quotes (clip)
2,374
4.17
Movies
May 13, 2010
1990's Music Hits
2,292
3.71
Music
Feb 21, 2010
1980's Music Hits
1,518
3.71
Music
Feb 21, 2010
Pitchfork's 100 Best Albums of 2000's
489
3.57
Music
Feb 19, 2010
All-Time Box-Office Films by Decade
328
4.17
Movies
Mar 1, 2010
Go to Creator's Profile
Score Distribution
Quiz Creator Spotlight
REM80s
Follow
Send a Message
Quizzes Created
-
Created Quiz Play Count
-
More By This Creator
Popular Quizzes Today
1
Countries of Asia Without Outlines Minefield
2
Find the US States - No Outlines Minefield
3
Pick 6: Fruits
4
Alphabetical 'K' Countries by Flag Minefield
5
The Countries of the World
6
Find the US States
7
US States
8
Match the Book to the Film X
More Music Quizzes
Name the kpop girl group members (3rd-4th gen)
Quiz Lab
Trending Quizzes
Pick 6: Mountains
Pick 6: Harry Potter
Pick 6: NFL Teams
Pick 6: Movie Franchises
Pick 6: Golfers
Recently Updated
NWSL Teams
pecheneg
Women's Final Four Teams by Year
bhenderson79
Presidents Quartet II
eogle
Anything But Clue(do)
eogle
Anything But Oceanian Capitals
eogle
Anything But 7
eogle
Anything But Thing
eogle
Word Ladder: February 29
pecheneg
Song Title Questions
pecheneg
Women's NCAA Tournament #1 Seeds
pecheneg
Trending Topics
Harry Potter
Marvel
Crossword
NBA
Anime
Disney
Kpop
Puzzle
Country
The Office
Pokémon
NFL
WWE
Soccer
Song
Your Account Isn't Verified!
In order to create a playlist on Sporcle, you need to verify the email address you used during registration. Go to your
Sporcle Settings
to finish the process.
Report this User
Report this user for behavior that violates our
Community Guidelines
.
Details:
Send Report
Go to the Sporcle.com Mobile Site →
Comments